Great Expectations/ (Record no. 12180)
[ view plain ]
| 000 -LEADER | |
|---|---|
| fixed length control field | 00591nam a22001337a 4500 |
| 008 - FIXED-LENGTH DATA ELEMENTS--GENERAL INFORMATION | |
| fixed length control field | 090705t xxu||||| |||| 00| 0 eng d |
| 082 ## - DEWEY DECIMAL CLASSIFICATION NUMBER | |
| Edition number | 22 |
| Classification number | 823.8 |
| Item number | DIC |
| 245 ## - TITLE STATEMENT | |
| Title | Great Expectations/ |
| Statement of responsibility, etc | Charles Dickens with an introduction by Kenneth Haynes |
| 260 ## - PUBLICATION, DISTRIBUTION, ETC. (IMPRINT) | |
| Place of publication, distribution, etc | CAlcutta: |
| Name of publisher, distributor, etc | Rupa, |
| Date of publication, distribution, etc | 1991 |
| 300 4# - PHYSICAL DESCRIPTION | |
| Extent | 444 p.; |
| Dimensions | 17 cm. |
| 600 ## - SUBJECT ADDED ENTRY--PERSONAL NAME | |
| 9 (RLIN) | 7486 |
| Personal name | Dickens, Charles, |
| Dates associated with a name | --1812-1870. |
| 942 ## - ADDED ENTRY ELEMENTS (KOHA) | |
| Source of classification or shelving scheme | Dewey Decimal Classification |
| Item type | Book - Borrowing |
| Withdrawn status | Item status | Source of classification or shelving scheme | Damaged status | Not for loan | Vendor | Home library | Current library | Shelving location | Date acquired | Cost, normal purchase price | Serial Enumeration / chronology | Total Checkouts | Total Renewals | Full call number | Barcode | Checked out | Date last seen | Date last borrowed | Koha item type |
|---|---|---|---|---|---|---|---|---|---|---|---|---|---|---|---|---|---|---|---|
| Dewey Decimal Classification | Alahram | Central Library | Central Library | Second Floor | 05/07/2009 | 13.20 | 72 | 7 | 8 | 823.8 DIC | 000017218 | 28/11/2024 | 02/02/2021 | 02/02/2021 | Book - Borrowing |